000
00333nam a22001457a 4500
008
221005b ||||| |||| 00| 0 eng d
020
_a
9780072965209
041
_a
eng
080
_2
fourth edition
_a
7
082
_a
7 NIE
100
_a
21.1
101
_a
ART
245
_a
INTERIORS and introduction
_c
NIELSON K
942
_2
udc
_c
BK
999
_c
58345
_d
58345